[Event "SN-2013-0-00552"]
[Site "LSS email"]
[Date "2013.11.13"]
[Round "?"]
[White "Puri, Maria"]
[Black "Lombardi, Donato"]
[Result "0-1"]
[WhiteElo "590"]
[BlackElo "956"]
[PlyCount "94"]
[EventDate "2013.10.30"]
[EventType "tourn (corr)"]
[EventRounds "6"]
[EventCountry "GER"]
[SourceTitle "Corr 2022"]
[Source "ChessBase"]
[SourceDate "2021.10.24"]
[SourceVersion "1"]
[SourceVersionDate "2021.10.24"]
[SourceQuality "1"]

1. d4 d5 2. Nf3 Nf6 3. Nc3 e6 4. e3 Bd6 5. Bd3 a6 6. 0-0 0-0 7. b3 Bb4 8. Bd2 c5 9. dxc5 Qc7 10. a3 Bxc5 11. Na4 Bd6 12. Bb4 Bxb4 13. axb4 b5 14. Nc5 Nbd7 15. Nxd7 Bxd7 16. c3 Qxc3 17. Qb1 Qxb4 18. Qe1 Qxb3 19. Rb1 Qxd3 20. Rd1 Qc4 21. Rc1 Qa2 22. Ra1 Qc4 23. Rc1 Qa2 24. Qd2 Qxd2 25. Nxd2 a5 26. Ra1 Rfc8 27. Rfb1 Rc2 28. Rd1 b4 29. h3 a4 30. Kf1 b3 31. Nxb3 Rb8 32. Nc5 Rxc5 33. Rdb1 Rxb1+ 34. Rxb1 h6 35. g4 a3 36. Ra1 Rc3 37. Ke1 Ne4 38. f3 Rxe3+ 39. Kd1 Rxf3 40. h4 Rf1+ 41. Ke2 Rxa1 42. Ke3 Rb1 43. Kf4 a2 44. g5 hxg5+ 45. hxg5 Rf1+ 46. Kg4 a1Q 47. g6 f5+ 0-1

[Event "OP-2013-0-02641"]
[Site "LSS email"]
[Date "2013.02.13"]
[Round "?"]
[White "Puri, Maria"]
[Black "Puri, Chaand"]
[Result "1-0"]
[WhiteElo "634"]
[BlackElo "562"]
[PlyCount "97"]
[EventDate "2013.02.10"]
[EventType "tourn (corr)"]
[EventRounds "4"]
[EventCountry "GER"]
[SourceTitle "Telechess CBM 161"]
[Source "ChessBase"]
[SourceDate "2014.07.16"]
[SourceVersion "1"]
[SourceVersionDate "2014.07.16"]
[SourceQuality "1"]

1. d4 d5 2. Qd3 Nf6 3. Bf4 Nc6 4. Nf3 e6 5. Nc3 Bd6 6. e3 Nb4 7. Qb5+ c6 8. Qe2 0-0 9. Qd2 b6 10. Bxd6 Qxd6 11. Bd3 a5 12. 0-0 g6 13. Na4 Ba6 14. Bxa6 Rxa6 15. a3 Ne4 16. Qe2 b5 17. axb4 axb4 18. c3 Rxa4 19. Rxa4 bxa4 20. Qc2 Ra8 21. Qe2 c5 22. cxb4 c4 23. b3 axb3 24. b5 Qa3 25. b6 Rb8 26. Nd2 Qa2 27. Rd1 b2 28. Nxe4 dxe4 29. f3 Rxb6 30. fxe4 b1Q 31. Rxb1 Rxb1+ 32. Kf2 Qa1 33. Qxc4 Rb2+ 34. Kf3 Qf1+ 35. Qxf1 f5 36. exf5 exf5 37. e4 fxe4+ 38. Kxe4 Rb6 39. d5 Rd6 40. Ke5 h5 41. Kxd6 g5 42. Ke6 g4 43. d6 h4 44. g3 hxg3 45. hxg3 Kg7 46. d7 Kg6 47. d8Q Kh5 48. Qg8 Kh6 49. Qh1# 1-0

[Event "OP-2013-0-02641"]
[Site "LSS email"]
[Date "2013.02.13"]
[Round "?"]
[White "Sandocal, Uzmir"]
[Black "Puri, Maria"]
[Result "1-0"]
[WhiteElo "1402"]
[BlackElo "634"]
[PlyCount "61"]
[EventDate "2013.02.10"]
[EventType "tourn (corr)"]
[EventRounds "4"]
[EventCountry "GER"]
[SourceTitle "Telechess CBM 161"]
[Source "ChessBase"]
[SourceDate "2014.07.16"]
[SourceVersion "1"]
[SourceVersionDate "2014.07.16"]
[SourceQuality "1"]

1. b3 e5 2. Bb2 Nc6 3. e3 Nf6 4. Nf3 Bc5 5. Nxe5 0-0 6. Nxc6 dxc6 7. Qf3 Qd6 8. Bxf6 gxf6 9. d4 Bb4+ 10. c3 Ba5 11. Bd3 Kg7 12. Qh5 h6 13. Qxa5 b6 14. Qh5 f5 15. Bxf5 Bxf5 16. Qxf5 Qg6 17. Qe5+ f6 18. Qxc7+ Rf7 19. Qxc6 f5 20. Qxa8 Rf8 21. Qxa7+ Rf7 22. Qb8 Qxg2 23. Qg3+ Qxg3 24. hxg3 h5 25. Na3 Kg6 26. Nc4 Rf6 27. Ne5+ Kg5 28. f4+ Kh6 29. 0-0-0 b5 30. Rxh5+ Kxh5 31. Rh1# 1-0